| 000 | 00000nam##2200000za#4500 |
| 001 | 9.576872 |
| 003 | CaOODSP |
| 005 | 20231208112825 |
| 007 | cr ||||||||||| |
| 008 | 150406|2011||||xxc|||||o f|0| 0 eng|d |
| 040 | |aCaOODSP|beng |
| 043 | |an-cn--- |
| 086 | 1 |aPS83-5/R253E-PDF |
| 110 | 1 |aCorrectional Service Canada. |bResearch Branch. |
| 245 | 10|aCharacteristics of participants in the Methadone Maintenance Treatment (MMT) Program / |h[electronic resource]|cprepared by Sara Johnson, Shanna Farrell MacDonald and Madelon Cheverie. |
| 260 | |aOttawa - Ontario : |bCorrectional Service Canada. |cJuly 2011. |
| 300 | |a1p. |
| 490 | 1 |aResearch at a glance|vR253 |
| 590 | |a13-16-Supp|b2013-07-12 |
| 775 | 08|tCaractéristiques des participants au Programme de traitement à la méthadone (TEM) / |w(CaOODSP)9.605842 |
| 830 | #0|aResearch at a glance (Correctional Service Canada)|vR253|w(CaOODSP)9.506649 |
| 856 | 40|ahttp://publications.gc.ca|qPDF|s172 KB|uhttps://publications.gc.ca/collections/collection_2013/scc-csc/PS83-5-R253-eng.pdf|yR253 |